000
002200000a22000970004500
245
1
0
_a
Conclusión
300
_a
Vol.57, núm.2 (2007), Páginas 192-196
650
1
4
_a
REINO DE DIOS
773
0
_t
Reformed World
942
_c
ANA
999
_c
62687
_d
62687